| 000 | 00566nam a2200181Ia 4500 | ||
|---|---|---|---|
| 003 | LK-CoDNM | ||
| 008 | 010623t2002 xxu||||| |||| 00| 1 sin d | ||
| 040 |
_aLK-CoDNM _dLK-CoDNM _eLK-CoDNM |
||
| 041 | _asin | ||
| 080 |
_a781 _bARI |
||
| 100 | _aAriyaratne,Sunil. | ||
| 245 | _aබයිලා කපිරිඤ්ඤා විමර්ශනයක් | ||
| 246 | _aBaila Kaffirinna Vimarshanayak : An Enquiry in to Baila and Kaffirinna | ||
| 260 |
_bGodage _aColombo _c2002 |
||
| 300 | _b218p,pl., 21 100: M-700010-05-8 cm | ||
| 650 | _aMusic | ||
| 942 | _cBK | ||
| 999 |
_c122164 _d122164 |
||